Nákup obrnených vozidiel sa pripravuje potichu
Ozbrojené sily SR sa pripravujú na veľké nákupy. Armáda chce doplniť svoj arzenál modernými zbraňami a novými obrnenými vozidlami. Slovensko ani Česko zatiaľ navyhlásili žiaden oficiálny tender na nákup obrnených vozidiel. O účasť v budúcej súťaži prejavili záujem viaceré krajiny. Ministerstvo obran...
Saved in:
| Main Author: | |
|---|---|
| Format: | Book Chapter |
| Language: | Slovak |
| Subjects: | |
| Tags: |
No Tags, Be the first to tag this record!
|
MARC
| LEADER | 00000naa a2200000 4500 | ||
|---|---|---|---|
| 001 | r048785 | ||
| 005 | 20230921114548.2 | ||
| 041 | 0 | |a slo | |
| 044 | |a SK | ||
| 245 | 1 | 0 | |a Nákup obrnených vozidiel sa pripravuje potichu |c Gabriel Beer |
| 520 | |a Ozbrojené sily SR sa pripravujú na veľké nákupy. Armáda chce doplniť svoj arzenál modernými zbraňami a novými obrnenými vozidlami. Slovensko ani Česko zatiaľ navyhlásili žiaden oficiálny tender na nákup obrnených vozidiel. O účasť v budúcej súťaži prejavili záujem viaceré krajiny. Ministerstvo obrany SR sa zatiaľ k celej veci nevyjadruje. | ||
| 610 | 2 | 0 | |a armáda |
| 610 | 2 | 0 | |a vojenstvo |
| 610 | 2 | 0 | |a zbrane |
| 610 | 2 | 0 | |a technika vojenská |
| 610 | 2 | 0 | |a technika nová |
| 610 | 2 | 0 | |a nákup |
| 610 | 2 | 0 | |a Slovensko |
| 100 | 1 | |a Beer, Gabriel | |